[Event "II Open A"]
[Site "Conegliano ITA"]
[Date "2008.06.01"]
[Round "3"]
[White "Corvi, Marco"]
[Black "Caprio, Guido"]
[Result "1-0"]
[WhiteElo "2347"]
[BlackElo "2140"]
[PlyCount "91"]
[EventDate "2008.05.31"]

1. c4 e5 2. Nc3 Nc6 3. Nf3 Nf6 4. g3 Bb4 5. Bg2 O-O 6. O-O Bxc3 7. bxc3 e4 8.
Ng5 Re8 9. Qc2 Qe7 10. d3 exd3 11. exd3 d6 12. Ne4 Nxe4 13. Bxe4 Bh3 14. Re1
Ne5 15. Bd2 Qf6 16. f4 Nc6 17. Rab1 Rab8 18. Be3 h5 19. Rb5 g6 20. Reb1 b6 21.
Qf2 Ne7 22. Re1 Nf5 23. Bd2 h4 24. Qf3 Nh6 25. Rg5 hxg3 26. hxg3 Bf5 27. g4
Bxe4 28. dxe4 Re5 29. Rxe5 dxe5 30. g5 Qd6 31. Be3 exf4 32. Bxf4 Qc5+ 33. Be3
Qxc4 34. gxh6 Qxc3 35. Rd1 f6 36. Rc1 Qe5 37. Bf4 Qd4+ 38. Be3 Qe5 39. Qg4 g5
40. Bf2 Re8 41. Qh5 Qxe4 42. Re1 Qxe1+ 43. Bxe1 Rxe1+ 44. Kf2 Re7 45. Qg6+ Kf8
46. h7 1-0

[Event "II Open A"]
[Site "Conegliano ITA"]
[Date "2008.06.01"]
[Round "3"]
[White "De Nardi, Riccardo"]
[Black "Chierici, Marianna"]
[Result "1-0"]
[WhiteElo "1931"]
[BlackElo "2071"]
[PlyCount "65"]
[EventDate "2008.05.31"]

1. e4 c5 2. Nf3 Nc6 3. d4 cxd4 4. Nxd4 e5 5. Nb5 d6 6. N1c3 a6 7. Na3 Be6 8.
Be2 b5 9. Nd5 Nge7 10. c4 bxc4 11. Nxc4 Nd4 12. Qa4+ Nec6 13. Be3 Bd7 14. Bg4
f5 15. Bxf5 Nxf5 16. exf5 Nd4 17. Qd1 Nxf5 18. Bb6 Qh4 19. Nc7+ Kf7 20. Qd5+
Kf6 21. Nxa8 Be7 22. Nc7 Rc8 23. Qd3 Rxc7 24. Bxc7 Bc6 25. O-O Qg5 26. f3 Nh4
27. Rf2 Bb5 28. Bxd6 Bd8 29. Bxe5+ Kf7 30. Qd5+ Ke8 31. Qe6+ Be7 32. Nd6+ Kf8
33. Qf7# 1-0

[Event "II Open A"]
[Site "Conegliano ITA"]
[Date "2008.06.01"]
[Round "3"]
[White "De Val, Daniele"]
[Black "Panican, Gheorghe"]
[Result "1-0"]
[WhiteElo "2208"]
[BlackElo "2053"]
[PlyCount "61"]
[EventDate "2008.05.31"]

1. d4 Nf6 2. c4 g6 3. Nc3 Bg7 4. e4 d6 5. Bd3 O-O 6. Nge2 c5 7. d5 e6 8. O-O
exd5 9. exd5 a6 10. a4 Nbd7 11. f4 Re8 12. h3 b6 13. g4 Nf8 14. Ng3 Nxg4 15.
hxg4 Qh4 16. Kg2 Bxg4 17. Rh1 Qxg3+ 18. Kxg3 Bxd1 19. Rxd1 f5 20. Bd2 Nd7 21.
Re1 Nf6 22. Re6 Rxe6 23. dxe6 Re8 24. Re1 Bf8 25. Nd5 Nh5+ 26. Kf3 Bg7 27. Bc3
Bxc3 28. bxc3 Kf8 29. e7+ Kf7 30. Rb1 Rb8 31. a5 1-0

[Event "II Open A"]
[Site "Conegliano ITA"]
[Date "2008.06.01"]
[Round "3"]
[White "Dgebuadze, Alexandre"]
[Black "Genocchio, Daniele"]
[Result "1/2-1/2"]
[WhiteElo "2528"]
[BlackElo "2416"]
[PlyCount "40"]
[EventDate "2008.05.31"]

1. e4 c5 2. Nf3 e6 3. d4 cxd4 4. Nxd4 a6 5. Nc3 Qc7 6. g3 Bb4 7. Nde2 Be7 8.
Bg2 d6 9. O-O Nf6 10. a4 O-O 11. h3 Nc6 12. b3 b6 13. Bb2 Bb7 14. Qd2 Rfd8 15.
Rad1 Rac8 16. Qe3 Nb4 17. Nd4 d5 18. exd5 Nbxd5 19. Nxd5 Nxd5 20. Bxd5 exd5
1/2-1/2

[Event "II Open A"]
[Site "Conegliano ITA"]
[Date "2008.06.01"]
[Round "3"]
[White "Dvirnyy, Danyyil"]
[Black "Genna, Jose' Miguel"]
[Result "1/2-1/2"]
[WhiteElo "2321"]
[BlackElo "2216"]
[PlyCount "73"]
[EventDate "2008.05.31"]

1. e4 e6 2. d4 d5 3. Nc3 Bb4 4. e5 c5 5. a3 Bxc3+ 6. bxc3 Ne7 7. Qg4 Qc7 8.
Qxg7 Rg8 9. Qxh7 cxd4 10. Ne2 Nbc6 11. f4 Bd7 12. Qd3 dxc3 13. Rb1 d4 14. h4
Nf5 15. h5 O-O-O 16. Rg1 f6 17. g4 Nh6 18. exf6 e5 19. g5 e4 20. Qc4 Bf5 21.
Ng3 d3 22. Qxc3 e3 23. Nxf5 d2+ 24. Kd1 Nxf5 25. Be2 dxc1=Q+ 26. Kxc1 Qxf4 27.
Qb3 Nd6 28. Rg4 Qf2 29. Bd3 Kc7 30. f7 Rgf8 31. Kb2 Qxf7 32. Qxf7+ Nxf7 33. Rg3
Nce5 34. Be2 Nd6 35. g6 Nf5 36. Rg5 Rd2 37. g7 1/2-1/2

[Event "II Open A"]
[Site "Conegliano ITA"]
[Date "2008.06.01"]
[Round "3"]
[White "Fontana, Enrico"]
[Black "Mazzilli, Piero"]
[Result "1/2-1/2"]
[WhiteElo "2118"]
[BlackElo "2332"]
[PlyCount "34"]
[EventDate "2008.05.31"]

1. d4 e6 2. Nf3 Nf6 3. c4 c5 4. e3 d5 5. Nc3 Nc6 6. cxd5 exd5 7. Be2 Be7 8. O-O
O-O 9. a3 Be6 10. dxc5 Bxc5 11. b4 Bb6 12. Bb2 Qe7 13. Na4 Bc7 14. Nc5 Bb8 15.
Bxf6 gxf6 16. Rc1 Ne5 17. Qd4 Rd8 1/2-1/2

[Event "II Open A"]
[Site "Conegliano ITA"]
[Date "2008.06.01"]
[Round "3"]
[White "Forato, Enrico"]
[Black "Omeri, Silvan"]
[Result "1-0"]
[WhiteElo "2037"]
[BlackElo "2201"]
[PlyCount "65"]
[EventDate "2008.05.31"]

1. g3 d5 2. Bg2 e5 3. c4 dxc4 4. Qa4+ c6 5. Qxc4 Be6 6. Qc3 Nd7 7. Nf3 Qc7 8.
d4 Bd5 9. Nbd2 e4 10. Nh4 Ngf6 11. Qc2 Bb4 12. O-O Bxd2 13. Bxd2 Qb6 14. Nf5
O-O 15. Nd6 Qxd4 16. Bc3 Qb6 17. Nxe4 Bxe4 18. Bxe4 Nxe4 19. Qxe4 Nc5 20. Qg4
Ne6 21. Qf5 a5 22. Rfd1 Qa6 23. Rd7 b5 24. b4 axb4 25. Bxb4 Qc8 26. Rad1 c5 27.
Bc3 Ra6 28. Re7 b4 29. Be5 f6 30. Rdd7 Rd8 31. Qh5 Rxd7 32. Qf7+ Kh8 33. Re8+
1-0

[Event "II Open A"]
[Site "Conegliano ITA"]
[Date "2008.06.01"]
[Round "3"]
[White "Georgiev, Vladimir"]
[Black "Scalcione, Michelangelo"]
[Result "0-1"]
[WhiteElo "2572"]
[BlackElo "2455"]
[PlyCount "96"]
[EventDate "2008.05.31"]

1. d4 d6 2. c4 e5 3. d5 g6 4. Nc3 a5 5. g3 Nd7 6. Bg2 Bh6 7. e3 f5 8. e4 Bxc1
9. Rxc1 f4 10. Nge2 fxg3 11. hxg3 Ngf6 12. Na4 O-O 13. Qd2 Qe7 14. Qc3 b6 15.
Qd2 Ng4 16. f3 Ngf6 17. Qh6 Nh5 18. Kd2 Nc5 19. Nxc5 bxc5 20. Rh4 Rb8 21. Kc3
Ba6 22. Rch1 Bxc4 23. Rxh5 gxh5 24. Kxc4 Rxb2 25. Kd3 Rf6 26. Qc1 Rxa2 27. Rxh5
Qe8 28. Rg5+ Kf7 29. Qc4 Ra4 30. Qc1 Qb5+ 31. Ke3 Ra2 32. Qd1 c4 33. f4 Qc5+
34. Kf3 Ra3+ 35. Kg4 Qf2 36. fxe5 Rd3 37. e6+ Kf8 38. Qf1 Qxf1 39. Bxf1 Rxf1
40. Nf4 Rdf3 41. Rf5+ Ke8 42. Rf7 h5+ 43. Kf5 Rxg3 44. Rxc7 Rg4 45. Rc8+ Ke7
46. Rc7+ Kd8 47. e7+ Kxc7 48. e5 Rfxf4+ 0-1

[Event "II Open A"]
[Site "Conegliano ITA"]
[Date "2008.06.01"]
[Round "3"]
[White "Gorshkova, Irina"]
[Black "Vezzosi, Paolo"]
[Result "0-1"]
[WhiteElo "2158"]
[BlackElo "2351"]
[PlyCount "60"]
[EventDate "2008.05.31"]

1. e4 c6 2. d4 d5 3. exd5 cxd5 4. c4 Nf6 5. Nc3 e6 6. Nf3 Bb4 7. cxd5 Nxd5 8.
Bd2 Nc6 9. Bd3 Be7 10. a3 Bf6 11. O-O O-O 12. Qc2 g6 13. Bh6 Bg7 14. Bxg7 Kxg7
15. Rad1 Nce7 16. Ne5 b6 17. Qd2 Bb7 18. h4 Nf5 19. h5 Qh4 20. Bxf5 exf5 21.
hxg6 hxg6 22. Nf3 Qh5 23. Ne2 Rh8 24. Ng3 Qg4 25. Qg5 Nf4 26. Qxg4 fxg4 27. Ne1
Ba6 28. d5 Rad8 29. d6 Bxf1 30. Nxf1 Ne2# 0-1

[Event "II Open A"]
[Site "Conegliano ITA"]
[Date "2008.06.01"]
[Round "3"]
[White "Inkiov, Ventzislav V."]
[Black "Epishin, Vladimir V."]
[Result "0-1"]
[WhiteElo "2446"]
[BlackElo "2566"]
[PlyCount "98"]
[EventDate "2008.05.31"]

1. d4 Nf6 2. c4 e6 3. Nf3 d5 4. g3 Bb4+ 5. Bd2 Be7 6. Bg2 O-O 7. O-O c6 8. Qc2
b6 9. Bf4 Bb7 10. Ne5 Na6 11. cxd5 cxd5 12. Nc3 Nd7 13. a3 Rc8 14. Qb3 Nxe5 15.
Bxe5 Nb8 16. Rfd1 Nc6 17. e4 Na5 18. Qc2 Qd7 19. Qe2 Nc4 20. Rac1 Nxe5 21. dxe5
d4 22. Na2 Rc5 23. Nb4 Rxc1 24. Rxc1 Bxb4 25. axb4 d3 26. Qe3 Rd8 27. Rd1 Ba6
28. Bf1 h6 29. Rd2 Qb5 30. f4 Qxb4 31. Kf2 Qc4 32. h4 Qc1 33. Qe1 Qc5+ 34. Qe3
Rd4 35. Kf3 Qc1 36. Qf2 Rb4 37. g4 Bb7 38. Bxd3 Rb3 39. Ke2 Rxb2 40. Rxb2 Qxb2+
41. Ke3 Qxf2+ 42. Kxf2 a5 43. Ke3 Bc6 44. Kd4 Kf8 45. f5 g5 46. fxg6 fxg6 47.
g5 hxg5 48. hxg5 Ke7 49. Bc4 Bd7 0-1

[Event "II Open A"]
[Site "Conegliano ITA"]
[Date "2008.06.01"]
[Round "3"]
[White "Kritz, Leonid"]
[Black "Jovanic, Ognjen"]
[Result "1-0"]
[WhiteElo "2609"]
[BlackElo "2504"]
[PlyCount "169"]
[EventDate "2008.05.31"]

1. e4 e5 2. Nf3 Nc6 3. Bb5 a6 4. Ba4 Nf6 5. O-O Be7 6. Bxc6 dxc6 7. Qe1 Nd7 8.
b3 O-O 9. Bb2 Bd6 10. d3 Re8 11. Nbd2 c5 12. Nc4 f6 13. a4 b6 14. Nh4 Nb8 15.
Qd2 Nc6 16. f4 exf4 17. Nxd6 Qxd6 18. Rxf4 Nd4 19. Raf1 Be6 20. Kh1 Rad8 21.
R4f2 Qd7 22. Bxd4 Qxd4 23. h3 a5 24. Nf3 Qd7 25. Qf4 Qe7 26. Re1 Qd6 27. Qh4 h6
28. Rfe2 Qe7 29. Qf4 Qf7 30. Qg3 Bc8 31. Nh4 Qh5 32. Nf3 Re7 33. Rf2 Rde8 34.
Ref1 Be6 35. Nd2 Qg5 36. Qh2 Rd7 37. Nf3 Qh5 38. g4 Qg6 39. Qg3 Red8 40. Nh4
Qg5 41. Kh2 Re7 42. Nf3 Qg6 43. e5 Rf8 44. Nh4 Qg5 45. exf6 Rxf6 46. Rxf6 gxf6
47. Nf3 Qg7 48. Re1 Bc8 49. Nh4 Rxe1 50. Qxe1 Kf8 51. Qe4 Qf7 52. Kg3 h5 53.
Ng6+ Kg7 54. gxh5 Kh6 55. Nf4 Qg7+ 56. Kf3 Qg1 57. Ke2 Qg5 58. Kf3 Bd7 59. Qg6+
Qxg6 60. hxg6 c4 61. h4 cxb3 62. cxb3 c6 63. Ke2 Bg4+ 64. Kd2 Bf3 65. Kc2 Bg4
66. Kc3 Bd1 67. d4 f5 68. h5 Bf3 69. Kd2 Be4 70. Kc1 Bf3 71. Kc2 Be4+ 72. Kd2
Bf3 73. Kc3 Bd1 74. Kc4 Bf3 75. b4 Bd1 76. bxa5 bxa5 77. Kc5 Bxa4 78. Kb6 Bd1
79. Kxa5 Bxh5 80. Nxh5 Kxg6 81. Nf4+ Kg5 82. Nd3 f4 83. Kb6 Kf5 84. Nxf4 Ke4
85. Kc5 1-0

[Event "II Open A"]
[Site "Conegliano ITA"]
[Date "2008.06.01"]
[Round "3"]
[White "Mateo, Ramon"]
[Black "Luch, Michal"]
[Result "1/2-1/2"]
[WhiteElo "2506"]
[BlackElo "2383"]
[PlyCount "42"]
[EventDate "2008.05.31"]

1. d4 d5 2. c4 dxc4 3. Qa4+ c6 4. Qxc4 Nf6 5. Nf3 Bf5 6. Nc3 e6 7. g3 b5 8. Qb3
b4 9. Na4 Qd5 10. Bg2 Be4 11. O-O Nbd7 12. Be3 Qb5 13. Rfe1 Be7 14. Nd2 Bd5 15.
Qc2 Bxg2 16. Kxg2 Nd5 17. b3 Nxe3+ 18. fxe3 Rc8 19. Qd3 O-O 20. Rac1 a6 21. Ne4
Rfd8 1/2-1/2

[Event "II Open A"]
[Site "Conegliano ITA"]
[Date "2008.06.01"]
[Round "3"]
[White "Mileto, Gabriele"]
[Black "Piscopo, Pierluigi"]
[Result "1/2-1/2"]
[WhiteElo "2165"]
[BlackElo "2379"]
[PlyCount "108"]
[EventDate "2008.05.31"]

1. e4 c5 2. Nf3 Nc6 3. d4 cxd4 4. Nxd4 Nf6 5. Nc3 e5 6. Ndb5 d6 7. Bg5 a6 8.
Na3 b5 9. Bxf6 gxf6 10. Nd5 f5 11. Bd3 Be6 12. O-O Bxd5 13. exd5 Ne7 14. Qh5 e4
15. Be2 Bg7 16. c3 Qc8 17. Rad1 O-O 18. Nc2 Rb8 19. f3 Qc5+ 20. Kh1 e3 21. f4
Nxd5 22. Qxf5 Nb6 23. Qh3 f5 24. Rf3 Rbe8 25. g4 Na4 26. gxf5 Qxf5 27. Qxf5
Rxf5 28. Nxe3 Rf6 29. Rg1 Rg6 30. Rfg3 Nxb2 31. Bh5 Rxg3 32. Rxg3 Rf8 33. Nd5
Kh8 34. Re3 Na4 35. Bf3 Rc8 36. Bg4 Rg8 37. Bd1 Nxc3 38. Nxc3 Bd4 39. Rg3 Rxg3
40. hxg3 Bxc3 41. Bf3 b4 42. Bc6 Kg7 43. Kg2 Kf6 44. Kf3 Ke7 45. Ke4 h5 46. Ba4
Be1 47. Bd1 a5 48. Kd5 Bxg3 49. Bxh5 Bxf4 50. Bd1 Kd7 51. Ba4+ Kc7 52. Be8 Kd8
53. Ba4 Ke7 54. Bb3 54... Kf6 {...} 1/2-1/2

[Event "II Open A"]
[Site "Conegliano ITA"]
[Date "2008.06.01"]
[Round "3"]
[White "Orsatti, Marcello"]
[Black "Rossi, Gianni"]
[Result "1-0"]
[WhiteElo "1987"]
[BlackElo "2012"]
[PlyCount "73"]
[EventDate "2008.05.31"]

1. c4 b6 2. Nc3 e6 3. Nf3 Bb7 4. g3 Bb4 5. Bg2 Ne7 6. O-O Bxc3 7. dxc3 O-O 8.
Qc2 f5 9. Rd1 Ng6 10. Nd4 Bxg2 11. Kxg2 Qe7 12. Nb5 d6 13. Nd4 f4 14. Qe4 Na6
15. Qxe6+ Qxe6 16. Nxe6 Rfe8 17. Nxf4 Nxf4+ 18. Bxf4 Rxe2 19. b4 Rae8 20. Rd2
Rxd2 21. Bxd2 Re4 22. Re1 Rxe1 23. Bxe1 Kf7 24. Kf3 Ke6 25. Ke4 Nb8 26. f4 g6
27. g4 c6 28. f5+ Kf6 29. fxg6 hxg6 30. Bg3 Ke6 31. Kf4 Nd7 32. Kg5 Ne5 33. c5
Nf3+ 34. Kxg6 Ne5+ 35. Kh5 bxc5 36. bxc5 d5 37. Bxe5 1-0

[Event "II Open A"]
[Site "Conegliano ITA"]
[Date "2008.06.01"]
[Round "3"]
[White "Pomaro, Alberto"]
[Black "D'Alessio, Angelo"]
[Result "1-0"]
[WhiteElo "2209"]
[BlackElo "1976"]
[PlyCount "79"]
[EventDate "2008.05.31"]

1. e4 e5 2. Nf3 Nc6 3. Bb5 a6 4. Ba4 Bc5 5. O-O b5 6. Bb3 Nf6 7. c3 Bb6 8. d4
d6 9. a4 Rb8 10. axb5 axb5 11. Na3 O-O 12. Nxb5 Bg4 13. Be3 d5 14. exd5 Nxd5
15. h3 Bh5 16. g4 Bg6 17. Bg5 Nf6 18. d5 e4 19. dxc6 exf3 20. Bxf6 Qxf6 21. Bd5
Rfd8 22. Qxf3 Qxf3 23. Bxf3 Rd2 24. Rad1 Rxb2 25. Nd4 h6 26. Rfe1 Ra8 27. Re2
Raa2 28. Rxb2 Rxb2 29. Kg2 Kh7 30. h4 f6 31. Bd5 h5 32. g5 Bc5 33. Kf3 Bd6 34.
Ke3 Be7 35. Ne6 Bd6 36. Bc4 Rb8 37. Rxd6 cxd6 38. c7 Re8 39. Kf4 Ra8 40. Bd5
1-0

[Event "II Open A"]
[Site "Conegliano ITA"]
[Date "2008.06.01"]
[Round "3"]
[White "Rigo, Gianfrancesco"]
[Black "Pelosin, Matteo"]
[Result "1-0"]
[WhiteElo "2023"]
[BlackElo "1932"]
[PlyCount "119"]
[EventDate "2008.05.31"]

1. e4 e6 2. d4 d5 3. Nc3 Nf6 4. Bg5 Bb4 5. exd5 exd5 6. Qd3 Be6 7. Nge2 Nbd7 8.
O-O-O O-O 9. h3 c5 10. a3 cxd4 11. Nxd4 Be7 12. Nf5 Bxf5 13. Qxf5 Rc8 14. Nxd5
Nxd5 15. Rxd5 Bxg5+ 16. Qxg5 Qc7 17. Bd3 Nb6 18. Rd4 Rfd8 19. Rxd8+ Rxd8 20.
Re1 Nc8 21. Qf5 g6 22. Qf6 Rf8 23. Re4 a6 24. f4 Qc5 25. Qd4 Qc6 26. Re2 Nd6
27. Qf6 Re8 28. Re5 Qd7 29. Kb1 Rxe5 30. fxe5 Ne8 31. Qg5 Ng7 32. h4 Qc7 33. g4
Ne6 34. Qf6 Nc5 35. h5 gxh5 36. gxh5 Nxd3 37. h6 Kf8 38. cxd3 Qa5 39. Qd6+ Ke8
40. d4 Qb5 41. Qc7 Qd3+ 42. Qc2 Qxd4 43. Qxh7 Qd1+ 44. Ka2 Qd5+ 45. Ka1 Qh1+
46. Ka2 Qd5+ 47. b3 Qg2+ 48. Kb1 Qg1+ 49. Kc2 Qh2+ 50. Kd3 Qh3+ 51. Ke4 Qh4+
52. Ke3 Qg3+ 53. Kd4 Qf4+ 54. Qe4 Qxh6 55. Qxb7 Qf4+ 56. Qe4 Qd2+ 57. Kc4 Qc1+
58. Kb4 Qc8 59. Qd5 Qb8+ 60. Ka5 {...} 1-0

[Event "II Open A"]
[Site "Conegliano ITA"]
[Date "2008.06.01"]
[Round "3"]
[White "Rombaldoni, Axel"]
[Black "Ikonnikov, Vyacheslav"]
[Result "1-0"]
[WhiteElo "2398"]
[BlackElo "2578"]
[PlyCount "149"]
[EventDate "2008.05.31"]

1. e4 c5 2. Nf3 Nc6 3. d4 cxd4 4. Nxd4 e5 5. Nb5 d6 6. a4 Be6 7. N1c3 a6 8. Na3
Be7 9. Bc4 Nf6 10. Bg5 O-O 11. Bxf6 Bxf6 12. Nd5 Bg5 13. O-O Rc8 14. c3 Nb8 15.
Qe2 Nd7 16. Rfd1 Kh8 17. Nc2 Qe8 18. a5 f5 19. exf5 Bxf5 20. Nde3 Bg6 21. Rxd6
Nc5 22. Ng4 e4 23. g3 Bh5 24. h3 Bg6 25. Rd5 Bf5 26. Nd4 Bxg4 27. Qxg4 Bf6 28.
Nf5 Be5 29. Re1 Rc6 30. f4 Bf6 31. Nd6 Qe7 32. Nf5 Qe8 33. Qd1 Qc8 34. Kg2 Qc7
35. Nd6 b5 36. axb6 Rxb6 37. b4 Nd3 38. Rxe4 Rxd6 39. Rxd6 Qxd6 40. Qxd3 Qc6
41. Bxa6 Bxc3 42. Qc4 Qa8 43. Kf3 Bf6 44. Bb5 Qa1 45. Qf1 Qc3+ 46. Qd3 Qa1 47.
Kg2 g6 48. Qe2 Rd8 49. Bc4 Qc3 50. Re8+ Rxe8 51. Qxe8+ Kg7 52. Qf7+ Kh6 53.
Qf8+ Bg7 54. Qc5 Bd4 55. Qg5+ Kg7 56. Qe7+ Kh6 57. Qh4+ Kg7 58. Qe7+ Kh6 59.
Be2 Qc6+ 60. Kh2 Bf6 61. Qf8+ Bg7 62. Qc5 Qxc5 63. bxc5 Bf8 64. c6 Bd6 65. Kg2
Kg7 66. Kf3 Kf6 67. g4 g5 68. fxg5+ Kxg5 69. Ke4 Kf6 70. Kd5 Bg3 71. Kc5 Ke7
72. Kb6 Kd8 73. Kb7 h6 74. h4 Bf4 75. g5 1-0

[Event "II Open A"]
[Site "Conegliano ITA"]
[Date "2008.06.01"]
[Round "3"]
[White "Santacaterina, Pietro"]
[Black "Lavric, Mihail"]
[Result "0-1"]
[WhiteElo "1815"]
[BlackElo "2009"]
[PlyCount "40"]
[EventDate "2008.05.31"]

1. d4 d5 2. Nf3 Nf6 3. e3 Bg4 4. Nbd2 e6 5. c3 Bd6 6. Bd3 O-O 7. h3 Bh5 8. O-O
Nbd7 9. Qc2 c5 10. Re1 c4 11. Be2 Bg6 12. e4 Nxe4 13. Nxe4 Bxe4 14. Qd1 Qc7 15.
Ng5 Bg6 16. h4 h6 17. h5 hxg5 18. hxg6 fxg6 19. Bg4 Bh2+ 20. Kf1 Rxf2+ 0-1

[Event "II Open A"]
[Site "Conegliano ITA"]
[Date "2008.06.01"]
[Round "3"]
[White "Solinas, Carlo"]
[Black "Boscolo, Federico"]
[Result "0-1"]
[WhiteElo "2087"]
[BlackElo "1930"]
[PlyCount "140"]
[EventDate "2008.05.31"]

1. e4 e5 2. d4 exd4 3. f4 Nc6 4. a3 d5 5. e5 Nge7 6. Bd3 g6 7. Nf3 Bg7 8. O-O
O-O 9. Qe2 Nf5 10. Qf2 f6 11. e6 Bxe6 12. g4 Nd6 13. Qh4 f5 14. Ng5 h6 15. Qe1
Re8 16. Nxe6 Qc8 17. Nd2 Qxe6 18. Qxe6+ Rxe6 19. gxf5 Nxf5 20. Nf3 Na5 21. b3
c5 22. Bd2 b6 23. Rae1 Rae8 24. Bxf5 gxf5 25. Nh4 Rxe1 26. Rxe1 Rxe1+ 27. Bxe1
d3 28. cxd3 Nxb3 29. Nxf5 Bb2 30. a4 c4 31. Ne7+ Kf7 32. Nxd5 cxd3 33. Bf2 Nc5
34. Be3 Nxa4 35. f5 Nc3 36. Nb4 a5 37. Nxd3 a4 38. Nb4 a3 39. Bxb6 a2 40. Nxa2
Nxa2 41. Be3 h5 42. Bg5 Bf6 43. h4 Nc3 44. Kg2 Ne4 45. Bf4 Bxh4 46. Kf3 Nf6 47.
Bb8 Nd7 48. Bc7 Bg5 49. Ke4 Nf6+ 50. Kf3 Nd5 51. Be5 Bd2 52. Ke4 Ne7 53. Bg3
Kf6 54. Be5+ Kg5 55. f6 Ng6 56. f7 Bb4 57. Bd4 Kg4 58. Bf6 Bf8 59. Bd8 Ne7 60.
Bc7 h4 61. Ke5 Ng6+ 62. Ke4 Ne7 63. Ke5 Kf3 64. Ke6 Ng6 65. Kf5 Nh8 66. Ke6 h3
67. Bb8 Nxf7 68. Kxf7 Bh6 69. Bh2 Bf4 70. Bg1 Kg2 0-1

[Event "II Open A"]
[Site "Conegliano ITA"]
[Date "2008.06.01"]
[Round "3"]
[White "Tahirovic, Adnan"]
[Black "Dussin, Davide"]
[Result "1-0"]
[WhiteElo "1800"]
[BlackElo "1893"]
[PlyCount "77"]
[EventDate "2008.05.31"]

1. e4 c6 2. d3 d5 3. Nd2 dxe4 4. dxe4 Nf6 5. Bc4 e6 6. Ngf3 Bc5 7. O-O O-O 8.
Qe2 b5 9. Bd3 Bb7 10. e5 Nd5 11. Ne4 Be7 12. Nfg5 Nd7 13. Nxh7 Nxe5 14. Nxf8
Nxd3 15. Qxd3 Kxf8 16. Qh3 Kg8 17. Rd1 Qc7 18. Bg5 Nf4 19. Qg4 Nd5 20. Bh6 g6
21. Rd3 e5 22. Rad1 Bc8 23. Qe2 f5 24. Rg3 Kh7 25. Rh3 fxe4 26. g4 Qd7 27. f3
exf3 28. Qxe5 Qxg4+ 29. Rg3 Bc5+ 30. Kh1 Kxh6 31. Qh8+ Kg5 32. h4+ Kf5 33. Rxg4
Kxg4 34. Qh6 Bf5 35. Qg5+ Kh3 36. Rg1 Bxg1 37. Kxg1 Bg4 38. Qe5 Kxh4 39. Kf2
1-0

[Event "II Open A"]
[Site "Conegliano ITA"]
[Date "2008.06.01"]
[Round "3"]
[White "Tonel, Giulia"]
[Black "Codenotti, Marco"]
[Result "1-0"]
[WhiteElo "1952"]
[BlackElo "2063"]
[PlyCount "123"]
[EventDate "2008.05.31"]

1. e4 d6 2. d4 Nf6 3. Nc3 g6 4. Bc4 Bg7 5. Nge2 O-O 6. f3 Nbd7 7. Be3 c6 8. a4
b6 9. Qd2 a6 10. O-O Rb8 11. g4 b5 12. axb5 axb5 13. Bd3 e5 14. Kg2 exd4 15.
Nxd4 Ne5 16. Be2 b4 17. Nd1 Bb7 18. g5 Ne8 19. f4 c5 20. Nf3 Nxf3 21. Bxf3 Qe7
22. Qd3 f6 23. h4 Nc7 24. Kg3 fxg5 25. hxg5 Ne6 26. Bg2 Ra8 27. Rxa8 Rxa8 28.
Rh1 Rf8 29. c3 Qc7 30. Qc4 Qf7 31. Qf1 Nxg5 32. fxg5 Be5+ 33. Kh4 Qc7 34. Qe1
h6 35. Rf1 hxg5+ 36. Kxg5 Qe7+ 37. Kxg6 Bg3 38. Rxf8+ Qxf8 39. Qf1 Qg7+ 40. Kh5
Bc6 41. Bg5 Bd7 42. Qf6 Qh7+ 43. Bh6 Qf7+ 44. Qxf7+ Kxf7 45. Bd2 bxc3 46. Bxc3
Ke6 47. Bh3+ Ke7 48. Bxd7 Kxd7 49. Kg4 Bh2 50. Kf3 Ke6 51. Ne3 Bg1 52. Nd5 Bh2
53. Nf4+ Kd7 54. Ne2 Ke6 55. Kg2 Be5 56. Bxe5 Kxe5 57. Kf3 d5 58. exd5 Kxd5 59.
Ke3 Kc4 60. Kd2 Kb3 61. Kc1 Ka2 62. Kc2 1-0

[Event "II Open A"]
[Site "Conegliano ITA"]
[Date "2008.06.01"]
[Round "3"]
[White "Tonus, Alex"]
[Black "Xia, Jie"]
[Result "0-1"]
[WhiteElo "1919"]
[BlackElo "2175"]
[PlyCount "88"]
[EventDate "2008.05.31"]

1. e4 c5 2. Nf3 d6 3. d4 cxd4 4. Nxd4 Nf6 5. Nc3 Nc6 6. Bc4 Bd7 7. Bb3 g6 8. f3
Nxd4 9. Qxd4 Bg7 10. Be3 O-O 11. Qd2 b5 12. a3 a5 13. O-O Bc6 14. Rfd1 Qb8 15.
Nd5 Bxd5 16. exd5 Nd7 17. Bd4 Bxd4+ 18. Qxd4 Qa7 19. c3 Rfc8 20. Qxa7 Rxa7 21.
Rd4 Rb7 22. Re1 Kf8 23. Re2 Rc5 24. f4 Nf6 25. Ba2 b4 26. axb4 axb4 27. Rxb4
Rxb4 28. cxb4 Rb5 29. Bc4 Rxb4 30. b3 Nd7 31. Ra2 Nb6 32. Rc2 e6 33. Rd2 Ke7
34. g3 Nxc4 35. bxc4 Rxc4 36. Kf2 Rc5 37. dxe6 fxe6 38. h4 h5 39. Rd3 d5 40.
Kf3 Kf6 41. g4 hxg4+ 42. Kxg4 Rc1 43. Rd4 Rg1+ 44. Kf3 Kf5 0-1

[Event "II Open A"]
[Site "Conegliano ITA"]
[Date "2008.06.01"]
[Round "3"]
[White "Van Hoolandt, Patrick"]
[Black "De Marchi, Alessandro"]
[Result "1-0"]
[WhiteElo "2183"]
[BlackElo "1691"]
[PlyCount "75"]
[EventDate "2008.05.31"]

1. d4 Nf6 2. c4 e6 3. Nf3 b6 4. Nc3 Bb7 5. Bg5 Be7 6. Qc2 d5 7. cxd5 Nxd5 8.
Bxe7 Qxe7 9. e4 Nxc3 10. bxc3 O-O 11. Bd3 Ba6 12. O-O Bxd3 13. Qxd3 Nc6 14.
Rfe1 e5 15. Qb5 Na5 16. Nxe5 a6 17. Qb4 Qe6 18. f4 f5 19. d5 Qh6 20. g3 fxe4
21. Qxe4 Rae8 22. Rad1 Nb7 23. Qc4 Qd6 24. Qxa6 Nc5 25. Qe2 Na4 26. Qe3 Qa3 27.
c4 Qxe3+ 28. Rxe3 Ra8 29. Rd2 Nc5 30. Nc6 Rfe8 31. Rxe8+ Rxe8 32. Ne5 Ra8 33.
Kg2 Ra4 34. Kf3 Ra3+ 35. Kg4 Rc3 36. d6 cxd6 37. Rxd6 h6 38. Rxb6 1-0

[Event "II Open A"]
[Site "Conegliano ITA"]
[Date "2008.06.01"]
[Round "3"]
[White "Verducci, Gianni"]
[Black "Pfeifer, Andreas"]
[Result "1-0"]
[WhiteElo "2010"]
[BlackElo "2116"]
[PlyCount "57"]
[EventDate "2008.05.31"]

1. e4 e6 2. d4 d5 3. Nc3 Nc6 4. e5 f6 5. f4 Nh6 6. Nf3 Bd7 7. a3 Qe7 8. Bd3
O-O-O 9. Bd2 Be8 10. Qe2 Bh5 11. Be3 fxe5 12. fxe5 Nf7 13. O-O-O Bxf3 14. Qxf3
Nfxe5 15. dxe5 d4 16. Ba6 Qc5 17. Bxd4 Rxd4 18. Rxd4 Nxd4 19. Qxb7+ Kd7 20. Rd1
Ke7 21. Qe4 Nf5 22. Bb5 Kf7 23. Rf1 Kg8 24. Bc4 g6 25. Bxe6+ Kg7 26. Bxf5 gxf5
27. Qxf5 Qe3+ 28. Kb1 Bxa3 29. Qf6+ 1-0

[Event "II Open A"]
[Site "Conegliano ITA"]
[Date "2008.06.01"]
[Round "3"]
[White "Zanin, Dario"]
[Black "Zanirato, Stefano"]
[Result "1/2-1/2"]
[WhiteElo "2026"]
[BlackElo "1970"]
[PlyCount "112"]
[EventDate "2008.05.31"]

1. e4 Nc6 2. d4 d5 3. e5 a6 4. f4 Bf5 5. c3 e6 6. Bd3 Nh6 7. Nf3 Be7 8. a4 Na5
9. Bxf5 Nxf5 10. b3 b5 11. axb5 axb5 12. Qd3 c6 13. Nbd2 O-O 14. O-O h5 15. Bb2
Qb6 16. Ra2 Ra7 17. b4 Nc4 18. Rxa7 Nxb2 19. Qb1 Qxa7 20. Qxb2 Ra8 21. Nb3 Qa3
22. Rb1 Qxb2 23. Rxb2 Ne3 24. Nfd2 Ra3 25. Nb1 Ra6 26. Re2 Nc4 27. Kf1 g5 28.
g3 Kg7 29. Kf2 Kg6 30. fxg5 Bxg5 31. Kf3 Be7 32. h3 f5 33. h4 Ra4 34. Rc2 Ra8
35. N1d2 Kf7 36. Nxc4 dxc4 37. Na5 c5 38. dxc5 Bxc5 39. Nc6 Rc8 40. Na5 Bb6 41.
Nb7 Bc7 42. Re2 Ra8 43. Kf4 Ra7 44. Nc5 Bb6 45. Kg5 Bxc5 46. bxc5 Rc7 47. Kxh5
Rxc5 48. Kg5 Rc8 49. Rb2 Rc5 50. Kf4 Kg6 51. Rd2 b4 52. cxb4 c3 53. Rc2 Rc4+
54. Kf3 Rxb4 55. Rxc3 Kh5 56. Re3 Rb5 1/2-1/2

[Event "II Open A"]
[Site "Conegliano ITA"]
[Date "2008.06.01"]
[Round "4"]
[White "Astengo, Marcello"]
[Black "Piscopo, Pierluigi"]
[Result "0-1"]
[WhiteElo "2064"]
[BlackElo "2379"]
[PlyCount "62"]
[EventDate "2008.05.31"]

1. d4 Nf6 2. c4 c5 3. d5 e6 4. Nc3 exd5 5. cxd5 d6 6. e4 g6 7. f4 Bg7 8. Bb5+
Nfd7 9. Nf3 a6 10. Bd3 b5 11. O-O O-O 12. Be3 Re8 13. Qd2 Nf6 14. Bf2 b4 15.
Bh4 bxc3 16. Qxc3 Bg4 17. e5 Bxf3 18. Rxf3 dxe5 19. fxe5 Nxd5 20. Qc4 Qd7 21.
Be4 Nb6 22. Qxc5 Rxe5 23. Qxb6 Rxe4 24. Bf2 Nc6 25. Kh1 Ne5 26. Rb3 Ng4 27. Bg3
Qe6 28. Qb7 Re8 29. Rf1 Ne3 30. Rg1 Nf5 31. Bb8 Bd4 0-1

[Event "II Open A"]
[Site "Conegliano ITA"]
[Date "2008.06.01"]
[Round "4"]
[White "Boscolo, Federico"]
[Black "Fontana, Enrico"]
[Result "0-1"]
[WhiteElo "1930"]
[BlackElo "2118"]
[PlyCount "38"]
[EventDate "2008.05.31"]

1. e4 c6 2. d4 d5 3. f3 dxe4 4. fxe4 e5 5. Nf3 exd4 6. Bc4 Be6 7. Bxe6 fxe6 8.
O-O Be7 9. Ne5 Nf6 10. Rf3 Nbd7 11. Nxd7 Nxd7 12. Rb3 O-O 13. Qg4 Rf6 14. Rg3
Qf8 15. Nd2 Qf7 16. Nf3 Ne5 17. Qh3 Rf8 18. Bh6 Nxf3+ 19. gxf3 Rg6 0-1